Cyberlaw for Civil Society : (Record no. 153931)

MARC details
000 -LEADER
fixed length control field 00720nam a2200229 a 4500
008 - FIXED-LENGTH DATA ELEMENTS--GENERAL INFORMATION
fixed length control field
049 ## - LOCAL HOLDINGS (OCLC)
Holding library MAIN
090 ## - LOCALLY ASSIGNED LC-TYPE CALL NUMBER (OCLC); LOCAL CALL NUMBER (RLIN)
Classification number (OCLC) (R) ; Classification number, CALL (RLIN) (NR) KF390.5.C6
003 - CONTROL NUMBER IDENTIFIER
control field
005 - DATE AND TIME OF LATEST TRANSACTION
control field 20230123133739.0
040 ## - CATALOGING SOURCE
Transcribing agency NUST
100 ## - MAIN ENTRY--PERSONAL NAME
Personal name Stein, Pamela
245 00 - TITLE STATEMENT
Title Cyberlaw for Civil Society :
Remainder of title a resource guide /
Statement of responsibility, etc. Pamela Stein, safiyya Patel, Doris Tshepe.
260 ## - PUBLICATION, DISTRIBUTION, ETC.
Place of publication, distribution, etc. Braamfontein :
Name of publisher, distributor, etc. Cheadle Thomson & Haysom,
Date of publication, distribution, etc. 2003.
300 ## - PHYSICAL DESCRIPTION
Extent x, 174 p. :
Other physical details ill. ;
Dimensions 22 cm.
504 ## - BIBLIOGRAPHY, ETC. NOTE
Bibliography, etc. note Includes bibliographical reference.
700 ## - ADDED ENTRY--PERSONAL NAME
Personal name Cheadle Thompson & Haysom Inc.
700 ## - ADDED ENTRY--PERSONAL NAME
Personal name Patel, Safiyya.
700 ## - ADDED ENTRY--PERSONAL NAME
Personal name Tshepe, Doris
907 ## - LOCAL DATA ELEMENT G, LDG (RLIN)
a .b10126880
b 16-06-04
c 15-06-04
942 ## - ADDED ENTRY ELEMENTS (KOHA)
Koha item type Ordinary Loan Books
Call number prefix KF390.5.C6
Holdings
Date last seen Total Checkouts Full call number Barcode Cost, replacement price Price effective from Koha item type Lost status Source of classification or shelving scheme Damaged status Not for loan Collection Withdrawn status Home library Current library Shelving location Date acquired Cost, normal purchase price
01/23/2023 7 KF390.5.C6 CYB 92003027803 80.00 01/23/2023 BOOKS   LCC     NFIC   MAIN MAIN GEN 01/23/2023 80.00